=LDR 00000nam 2200000 4500 =001 INLIS000000000004754 =005 20220309024210 =035 ##$$a 0010-0322000151 =245 1#$$a Pembuatan Prototaip Mesin Pengering Buah Kopi Berbasis Mikrokontroler : $b Tugas Akhir /$c Miswar ; Muh. Assi'dik =100 #$$a MISWAR =250 ##$$a 2020 =300 ##$$a xii, 43 halaman : $b Tabel, Gambar ; $c 20,3x29,2 cm =856 ##$$a OPAC (Rak TA TMIA 2020) =700 1#$$a ASSI'DIK, Muh =260 ##$$a Makassar :$b Politeknik ATI Makassar - Teknik Manufaktur Industri Agro,$c 2020 =082 ##$$a (R)2020 TA-TMIA 818 =084 ##$$a (R)2020 TA-TMIA 818 MIS p =650 #4$$a Tugas Akhir TMIA 2020 =500 ##$$a Tugas Akhir TMIA 2020 =990 ##$$a 202/TA TMIA 2020